000 00299nam a2200133Ia 4500
008 191201s2006 xx 000 0 und d
100 _aLEXICON
245 0 _aChines Interior
250 _aRep
260 _aN. delhi
_blexicon pub
_c2006
300 _a63
650 _aGeneral Books
942 _2ddc
_cBK
999 _c4560
_d4560